00911nam a2200253 i 450000100060000000300090000600500170001500700030003200800410003502000180007610000430009424500840013725000150022126000400023630000210027649000470029750000120034450400310035670000450038783000550043285200320048799900170051995201210053633284ES-MaACL20240420063018.0t|030201s1985 sp ||||1| spa d a84-85887-64-61 aBergamín, José, d1895-198392792513aEl pozo de la angustia / cJosé Bergamín ; prólogo de Carlos Gurméndez. a[1ª ed.]. a[Barcelona] : bAnthropos, c[1985] a91 p. ; c20 cm.1 aMemoria rota. Exilios y heterodoxias ; v2 aIndice. aBibliografía : p. 83-91.1 aGurméndez, Carlos (d1917-1997)9609860 aMemoria rota. Exilios y heterodoxias ; v29177283 aES-MaACLjL-8264 bR.108681 c33284d33284 00104070aATENEOMbATENEOMcDEPO2d2008-01-17eSCl0oL-8264p1034607r2023-02-23 00:00:00w2023-02-23yMONOGRAFIA